000 00724nam a2200217 i 4500
001 bg
245 1 0 _aSłownik polsko-angielsko-francusko-rosyjski podstawowych terminów matematycznych :
_bz wykazami haseł angielsko-polskim, francusko-polskim, rosyjsko-polskim oraz tablicą symboli /
_cZofia Jóźwiak [et al.].
260 _aŁódź :
_bWydaw. Uniwersytetu Łódzkiego,
_c1999.
300 _a345 s. ;
_c24 cm.
650 9 _aMatematyka
650 9 _aSłownik wielojęzyczny
655 _aSłowniki
700 1 _aJÓŹWIAK, Zofia.
020 _a8371712987
040 _cBPK
041 0 _aplenfrru
080 _a51(038)=00
920 _a83-7171-298-7
942 _cKS
008 s pl f |000 0 pol
999 _c36183
_d36183
856 _uhttp://koha.tu.koszalin.pl/cgi-bin/koha/opac-detail.pl?biblionumber=36183
_yKatalog online BPK